000 00757nam a2200217 a 4500
001 62422
003 BD-RjUL
005 20211209081102.0
008 170124s1971 e ||||| |||| 00| 0 ben d
035 _a(BD-RjUL)62548
040 _aBD-RjUL
_bben
_cBD-RjUL
041 _aben
082 _223
_a338.4
_bVOJ 1971
100 _aভলকভ, এম.
_9170457
245 1 0 _a জাতীয় অর্থনৈতিক স্বাধীনতার জন্য শিল্পায়ন /
_cএম. ভলকভ
260 _aলণ্ডন :
_bজনাথন পাওয়ার,
_c১৯৭১
300 _a৬০ পৃ. ;
_c২২ সেমি.
650 _aশিল্প
_9170458
650 _aIndustrialization.
_9172720
942 _2ddc
_cBK
999 _c62422
_d62422